000
00262nam a2200097Ia 4500
005
20251222114346.0
008
251222s1900||||xx |||||||||||||| ||spa||
082
_a
DVD0070/F75/2004
245
0
_a
Descubriendo el país de nunca jamás :Finding Neverland
942
_c
DVD
999
_c
1037
_d
1037